| 000 | 00929nam a22002177a 4500 | ||
|---|---|---|---|
| 999 |
_c59319 _d59319 |
||
| 005 | 20230117151122.0 | ||
| 008 | 230117s2016ge xxu||||| |||| 00| 0 ger d | ||
| 020 | _a9783126050418 X | ||
| 041 | _ager | ||
| 080 | _a811.112.1 A-87 | ||
| 245 |
_a ASPEKTE NEU : _bMittelstufe Deutsch. Intensivtrainer 3 mit Prüfungstraining DSH und TestDaf C1 / _cMarion Lutk, Lenka Bidnenkova, Maria Militchina, Volha Petrasiuk |
||
| 264 |
_aStuttgard : _bErnst Klett Sprachen, _c2016. |
||
| 300 |
_a96 p.: _bill; _c29 cm. _e+ 1 CD. |
||
| 653 | _aASPEKTE NEU : Mittelstufe Deutsch. Intensivtrainer 3 mit Prüfungstraining DSH und TestDaf | ||
| 653 | _aახალი ასპექტები გერმანული ენა | ||
| 700 |
_aLutk, Marion _eAuthor _916715 |
||
| 700 |
_aBidnenkova, Lenka _eAuthor _916716 |
||
| 700 |
_aMilitchina, Maria _eAuthor _916717 |
||
| 700 |
_aPetrasiuk, Volha _eAuthor _916718 |
||
| 942 |
_2udc _cBK |
||